书目信息 |
| 题名: |
工程力学
|
|
| 作者: | 杨丽娜 , 高炳易 主编 | |
| 分册: | ||
| 出版信息: | 武汉 华中科技大学出版社 2010.08 |
|
| 页数: | 206页 | |
| 开本: | 26cm | |
| 丛书名: | 21世纪普通高等职业教育机械电子系列规划教材 | |
| 单 册: | ||
| 中图分类: | TB12-43 | |
| 科图分类: | ||
| 主题词: | 工程力学--gong cheng li xue--高等学校--教材 | |
| 电子资源: | ||
| ISBN: | 978-7-5609-6337-2 | |
| 000 | 01157nam 2200289 450 | |
| 001 | 012010948297 | |
| 005 | 20101220173034.87 | |
| 010 | @a978-7-5609-6337-2@dCNY25.00 | |
| 100 | @a20101220d2010 em y0chiy0120 ea | |
| 101 | 0 | @achi |
| 102 | @aCN@b420000 | |
| 105 | @aak a 000yy | |
| 106 | @ar | |
| 200 | 1 | @a工程力学@Agong cheng li xue@d= Engineering mechanics@f杨丽娜, 高炳易主编@Fyang li na,gao bing yi zhu bian@zeng |
| 210 | @a武汉@c华中科技大学出版社@d2010.08 | |
| 215 | @a206页@c图@d26cm | |
| 225 | 2 | @a21世纪普通高等职业教育机械电子系列规划教材@A21 shi ji pu tong gao deng zhi ye jiao yu ji xie dian zi xi lie gui hua jiao cai |
| 320 | @a有书目 (第206页) | |
| 330 | @a本书主要包括:静力学基本概念和物体的受理分析;平面力系的合成与平衡;空间力系和重心;材料力学的基本知识;轴向拉伸与压缩等内容。 | |
| 410 | 0 | @12001 @a21世纪普通高等职业教育机械电子系列规划教材 |
| 510 | 1 | @aEngineering mechanics@zeng |
| 606 | 0 | @a工程力学@Agong cheng li xue@x高等学校@j教材 |
| 690 | @aTB12-43@v4 | |
| 701 | 0 | @a杨丽娜@Ayang li na@4主编 |
| 701 | 0 | @a高炳易@Agao bing yi@4主编 |
| 801 | 0 | @aCN@bQSSK@c20101220 |
| 905 | @b789450-52@dTB12-43@eY224@f3 | |
| 工程力学= Engineering mechanics/杨丽娜, 高炳易主编.-武汉:华中科技大学出版社,2010.08 |
| 206页:图;26cm.-(21世纪普通高等职业教育机械电子系列规划教材) |
| ISBN 978-7-5609-6337-2:CNY25.00 |
| 本书主要包括:静力学基本概念和物体的受理分析;平面力系的合成与平衡;空间力系和重心;材料力学的基本知识;轴向拉伸与压缩等内容。 |
| ● |
| 相关链接 |
|
|
|
正题名:工程力学
索取号:TB12-43/Y224
 
预约/预借
| 序号 | 登录号 | 条形码 | 馆藏地/架位号 | 状态 | 备注 |
| 1 | 789450 | 207894509 | 自科库501/501自科库 3排4列1层/ [索取号:TB12-43/Y224] | 在馆 | |
| 2 | 789451 | 207894518 | 自科库501/501自科库 3排4列1层/ [索取号:TB12-43/Y224] | 在馆 | |
| 3 | 789452 | 207894527 | 自科库501/501自科库 3排4列1层/ [索取号:TB12-43/Y224] | 在馆 |